[Event "Gibraltar Masters 15th"]
[Site "Caleta"]
[Date "2017.01.31"]
[Round "8"]
[White "Press, Shaun"]
[Black "Day, Christopher"]
[Result "1/2-1/2"]
[WhiteElo "1970"]
[BlackElo "1760"]
[PlyCount "96"]
[EventDate "2017.01.24"]
[EventType "swiss"]
[EventRounds "10"]
[EventCountry "GGB"]
[SourceTitle "CBM 177"]
[Source "ChessBase"]
[SourceDate "2017.03.16"]
[SourceVersion "1"]
[SourceVersionDate "2017.03.16"]
[SourceQuality "1"]

1. e4 c6 2. d4 d5 3. Nc3 dxe4 4. Nxe4 Bf5 5. Ng3 Bg6 6. Nf3 Nd7 7. Bd3 Ngf6 8. 0-0 e6 9. b3 Be7 10. Bb2 0-0 11. Re1 c5 12. Bxg6 hxg6 13. Qe2 cxd4 14. Nxd4 Qb6 15. Rad1 Rfd8 16. h3 Rac8 17. a3 a6 18. Rd2 Rc7 19. Red1 Rdc8 20. Kh1 Nb8 21. Nf3 Nc6 22. Ne4 Nxe4 23. Qxe4 Bf6 24. Bxf6 gxf6 25. Qf4 Kg7 26. Kg1 Ne7 27. Ne1 Nd5 28. Qf3 Nc3 29. Ra1 Qc5 30. Qd3 Qe5 31. Rc1 Qa5 32. a4 Qb4 33. Ra1 Rc5 34. Qe3 Re5 35. Nd3 Rxe3 36. Nxb4 Re4 37. Nd3 Rd4 38. f3 e5 39. Re1 Rcd8 40. Kf1 a5 41. Rf2 b6 42. Kg1 Kh6 43. g3 R8d5 44. Kg2 Kg7 45. Nb2 Rd6 46. Nc4 Re6 47. Kf1 Kf8 48. Rd2 Rxd2 1/2-1/2

[Event "CAN-ch op"]
[Site "Sackville"]
[Date "2001.07.11"]
[Round "6"]
[White "Day, Christopher"]
[Black "Arseneau, Peter"]
[Result "0-1"]
[WhiteElo "1696"]
[BlackElo "1851"]
[PlyCount "22"]
[EventDate "2001.07.??"]
[EventType "swiss"]
[EventRounds "10"]
[EventCountry "CAN"]
[SourceTitle "EXT 2006"]
[Source "ChessBase"]
[SourceDate "2005.11.24"]
[SourceVersion "1"]
[SourceVersionDate "2005.11.24"]
[SourceQuality "1"]

1. c4 Nf6 2. Nc3 e5 3. g3 c6 4. e4 d5 5. Bg2 d4 6. Nce2 d3 7. Nc3 Bc5 8. Na4 Bd4 9. Rb1 0-0 10. f3 Nh5 11. f4 Nxf4 0-1